Občania Slovenskej republiky a jadrová energetika Na otázky sociológov odpovedajú experti

Gespeichert in:
Bibliographische Detailangaben
Weitere Verfasser: Macháček, Ladislav
Format: Buch
Sprache:Slowakisch
Veröffentlicht: Bratislava Agentúra sociologických expertíz 1991
Ausgabe:1. vyd.
Schlagworte:
Tags: Tag hinzufügen
Keine Tags, Fügen Sie das erste Tag hinzu!

MARC

LEADER 00000nam a2200000 4500
001 c003832
005 20221128073459.0
020 |a 80-900561-0-5 
041 0 |a slo 
044 |a SK 
245 1 0 |a Občania Slovenskej republiky a jadrová energetika  |b Na otázky sociológov odpovedajú experti  |c Hl. zost. Ladislav Macháček 
250 |a 1. vyd. 
264 1 |a Bratislava  |b Agentúra sociologických expertíz  |c 1991 
300 |a 88 s. 
610 2 0 |a energia atómová 
610 2 0 |a energetika 
610 2 0 |a Slovensko 
610 2 0 |a výskum sociologický 
610 2 0 |a prostredie životné 
610 2 0 |a ekológia 
700 1 |a Macháček, Ladislav